000 00436nam a2200193Ia 4500
003 0100
008 130303s9999 xx 000 0 und d
040 _cARRUPELIB
050 _aB3376.W564F63 1976
100 _aFogelin, Robert J.
245 _aWittgenstein
260 _aLondon
260 _bRoutledge and Kegan Paul
260 _C1976
300 _a223p.
300 _b 23 cm
650 _bConsciousness
942 _2lcc
_01
999 _c61732
_d61732